000 00863nam a2200229 a 4500
001 48064
003 BD-RjUL
005 20211209054443.0
008 160811s2009 bg ||||| |||| 00| f ben d
020 _a984074786X
_c: Tk. 120.00
035 _a(BD-RjUL) 48183
040 _aBD-RjUL
_bben
_cBD-RjUL
041 _aben
082 _223
_a891.443
_bPAB 2009
100 1 _aপাল, ছন্দশ্রী
_9145722
245 1 0 _aবাংলাদেশের উপন্যাস :
_bপরিবার ও সমাজ (১৯৪৭-২০০০) /
_cছন্দশ্রী পাল
260 _aঢাকা :
_bবাংলা একাডেমী,
_c২০০৯
300 _a[১২], ১৯২ পৃ. ;
_c২১ সেমি.
650 _aবাংলা উপন্যাস
_9145723
650 _aBengali Fiction
_9145724
942 _2ddc
_cBK
999 _c48064
_d48064